| 000 | 01458nam0a22002771 4500 | ||
|---|---|---|---|
| 001 | rc\2816079 | ||
| 005 | 20260407012353.0 | ||
| 035 | _a(NLR Aleph) 006941812 | ||
| 090 |
_a7644913 _c7644913 |
||
| 100 | _a20110915d1945 u y0rusy50 ca | ||
| 101 | 0 | _arus | |
| 102 | _aRU | ||
| 105 | _ay z ||||| | ||
| 200 | 1 |
_aТезисы к докладам _fТбилис. науч.-иссл. ин-т сооружений и гидроэнергетики "ТНИСГЭИ". 2-я науч.-техн. конф-ция ТНИСГЭИ (при оргучастии Груз. отд-ния ВНИТО строителей). Ноябрь 1945 г. |
|
| 210 |
_aТбилиси _cГруз. НИТО строителей _d1945 _gтип. изд-ва газ. "Боец РККА" |
||
| 215 |
_a62 с. _d20 см. |
||
| 710 | 0 | 2 |
_aТбилисский НИИ сооружений и гидроэнергетики им. Винтера _bНаучно-техническая конференция _d2 _f1945 _9497457 _3RU\NLR\AUTH\8810000145 |
| 712 | 0 | 2 |
_4570 _aВсесоюзное научное инженерно-техническое общество строителей _bГрузинское отделение _9474229 _3RU\NLR\AUTH\889989362 |
| 801 | 0 |
_aRU _bNLR _gpsbo |
|
| 801 | 1 |
_aRU _bELAR _2rusmarc |
|
| 852 |
_aNLR _jТ80 Г-4/586 |
||
| 942 | _cBOOK | ||
| 945 | _aРоссийская национальная библиотека | ||
| 980 | _aNB | ||
| 980 | _aBV | ||